Logo BPK

Biblioteka

Politechniki Koszalińskiej

Problemy informatyki stosowanej / (Rekord nr 52620)

Szczegóły MARC
000 -ETYKIETA REKORDU
podpole kontrolne o stałej długości 01090nam a2200289 i 4500
001 - NUMER KONTROLNY REKORDU
pole kontrolne bg
020 ## - MIĘDZYNARODOWY ZNORMALIZOWANY NUMER KSIĄŻKI - ISBN
ISBN 8387362441
040 ## - ŹRÓDŁO KATALOGOWANIA
Instytucja, która utworzyła rekord BPK
041 w# - KOD JĘZYKA
Kod języka tekstu poleng
080 ## - UNIWERSALNA KLASYFIKACJA DZIESIĘTNA - UKD
UKD 004
920 ## - Międzynarodowy znormalizowany numer książki – ISBN
ISBN 83-87362-44-1
008 - POLE O STAŁEJ DŁUGOŚCI - DANE KONTROLNE
podpole kontrolne o stałej długości s pl f |000 0 pol
245 00 - TYTUŁ/ODPOWIEDZIALNOŚĆ
Tytuł Problemy informatyki stosowanej /
Pozostałe elementy strefy tytułu i oznaczenia odpowiedzialności [red. nauk. Ryszard Budziński].
260 ## - STREFA ADRESU WYDAWNICZEGO
Miejsce wydania Szczecin :
Nazwa wydawcy/dystrybutora Wydawnictwo i Drukarnia Wydziału Informatyki Politechniki Szczecińskiej,
Data publikacji, dystrybucji/powstania dokumentu 2002.
300 ## - STREFA OPISU FIZYCZNEGO
Objętość 233 s. :
Inne cechy fizyczne fot., 1 portr., rys., wykr. ;
Rozmiary 24 cm.
490 1# - STREFA SERII I DOKUMENTU WIELOCZĘŚCIOWEGO - FORMA NIE DO WYSZUKIWANIA
Tytuł i oznaczenie odpowiedzialności serii Roczniki Informatyki Stosowanej Wydziału Informatyki Politechniki Szczecińskiej ;
Numeracja w obrębie serii nr 3
500 ## - UWAGI OGÓLNE
Tekst uwagi Wydanie specjalne z okazji jubileuszu 70-lecia profesora Jerzego Sołdka.
500 ## - UWAGI OGÓLNE
Tekst uwagi Tekst. częśc. ang.
504 ## - UWAGA DOTYCZĄCA BIBLIOGRAFII
Informacje o bibliografii Bibliogr. przy pracach. - Indeks.
600 19 - HASŁO PRZEDMIOTOWE W FORMIE NAZWY OSOBOWEJ
Nazwa osobowa Sołdek, Jerzy (1931-)
650 #9 - HASŁO PRZEDMIOTOWE W FORMIE NAZWY OGÓLNEJ LUB JEDNOSTKOWEJ
Nazwa ogólna lub geograficzna Informatyka
Określnik ogólny stosowanie
655 ## - TERMIN INDEKSOWY - OKREŚLENIE RODZAJU/FORMY DOKUMENTU
Określenie rodzaju/formy dokumentu Bibliografia
655 ## - TERMIN INDEKSOWY - OKREŚLENIE RODZAJU/FORMY DOKUMENTU
Określenie rodzaju/formy dokumentu Księga pamiątkowa
700 1# - HASŁO DODATKOWE - NAZWA OSOBOWA
Nazwa osobowa BUDZIŃSKI, Ryszard.
Określenie związku między hasłem a opisywanym materiałem Red.
830 ## - HASŁO DODATKOWE SERII LUB DOKUMENTU WIELOCZĘŚCIOWEGO - TYTUŁ UJEDNOLICONY
Tytuł ujednolicony Roczniki Informatyki Stosowanej Wydziału Informatyki Politechniki Szczecińskiej ;
856 ## - LOKALIZACJA I DOSTĘP DO ELEKTRONICZNYCH DOKUMENTÓW ZDALNYCH
Link (URL) http://koha.tu.koszalin.pl/cgi-bin/koha/opac-detail.pl?biblionumber=52620
Tekst linku Katalog online BPK
942 ## - DODATKOWE ELEMENTY (KOHA)
Typ dokumentu Książka
Egzemplarze
Wycofany Status egzemplarza Uszkodzony Dostępność Lokalizacja stała Lokalizacja bieżąca Miejsce przechowywania Sygnatura Kod kreskowy Typ dokumentu
      Dostępny Biblioteka Politechniki Koszalińskiej Biblioteka Politechniki Koszalińskiej Wypożyczalnia BG 81247 02347295 Książka
© 2023 Biblioteka Politechniki Koszalińskiej :: KOHA